La muerte viaja con pasaporte Nazi (Record no. 169929)
[ view plain ]
| 000 -LEADER | |
|---|---|
| fixed length control field | 00592nam a22001817a 4500 |
| 005 - DATE AND TIME OF LATEST TRANSACTION | |
| control field | 20240301095411.0 |
| 008 - FIXED-LENGTH DATA ELEMENTS--GENERAL INFORMATION | |
| fixed length control field | 240301b Cu ||||| |||| 00| 0 spa d |
| 050 04 - LIBRARY OF CONGRESS CALL NUMBER | |
| Classification number | HE789 |
| Item number | C46 1984 |
| 100 1# - MAIN ENTRY--PERSONAL NAME | |
| Personal name | Chongo Leiva, Juan |
| 245 13 - TITLE STATEMENT | |
| Title | La muerte viaja con pasaporte Nazi |
| Statement of responsibility, etc | / Juan Chongo Leiva |
| 250 ## - EDITION STATEMENT | |
| Edition statement | 1a ed. |
| 260 ## - PUBLICATION, DISTRIBUTION, ETC. (IMPRINT) | |
| Place of publication, distribution, etc | La Habana : |
| Name of publisher, distributor, etc | Ediciones Unión, |
| Date of publication, distribution, etc | 1984 |
| 300 ## - PHYSICAL DESCRIPTION | |
| Extent | 267 paginas : |
| Other physical details | ilustraciones, |
| Dimensions | 18 cm. |
| 490 0# - SERIES STATEMENT | |
| Series statement | Perfil libre |
| 650 #7 - SUBJECT ADDED ENTRY--TOPICAL TERM | |
| Source of heading or term | lemb |
| Topical term or geographic name as entry element | Marina mercante |
| Geographic subdivision | Cuba |
| 650 #7 - SUBJECT ADDED ENTRY--TOPICAL TERM | |
| Source of heading or term | lemb |
| Topical term or geographic name as entry element | Victimas de guerra |
| Chronological subdivision | Guerra Mundial, 1939-1945 |
| Geographic subdivision | Cuba |
| 942 ## - ADDED ENTRY ELEMENTS (KOHA) | |
| Source of classification or shelving scheme | Biblioteca del Cogreso de los Estados Unidos |
| Koha item type | Libro |
| Estado de pérdida | Fuente de clasificación | Estado del daño | No para préstamo | Ubicación permanente | Ubicación actual | Apartado o colección | Fecha de adquisición | Fuente de adquisición | Edición | Dependencia de educación superior (DES) | Área del conocimiento | Total Checkouts | Clasificación | Código de Barras | Date last seen | Número de copia | Costo por reposición | Tipo de recurso |
|---|---|---|---|---|---|---|---|---|---|---|---|---|---|---|---|---|---|---|
| Biblioteca del Cogreso de los Estados Unidos | Biblioteca del Instituto de Investigaciones Históricas | Biblioteca del Instituto de Investigaciones Históricas | General | 01/03/2024 | Donación | 1a ed. | Humanidades | Ciencias Sociales y Administrativas | HE789 C46 1984 | IIH000036084 | 01/03/2024 | 1 | 1.00 | Libro |